000 00770nam a22002651 4500
001 75843
003 BD-RjUL
005 20211209082743.0
008 190724s1967 nyua b 000 0 eng
035 _a(BD-RjUL)76062
040 _aDLC
_cDLC
_dDLC
_dBD-RjUL
_beng
041 _aeng
082 0 0 _223
_a658
_bHIM 1967
100 1 _aHicks, Herbert G.
_9232495
245 1 4 _aThe management of organizations /
_c[by] Herbert G. Hicks.
260 _aNew York :
_bMcGraw-Hill,
_c1967
300 _axii, 452 p.:
_billus.;
_c23 cm.
490 0 _aMcGraw-Hill series in management
504 _aIncludes bibliographical references.
650 0 _aManagement.
_9232496
650 0 _aOrganization.
_9232497
942 _2ddc
_cBK
999 _c75843
_d75843